01175ntaaa2200277 45000030003000000050017000030080021000200200015000410400037000560820014000932450118001072600031002253000032002564900036002885000045003245000028003695000021003975050043004185050050004615050066005115200202005776000039007796500015008187000033008337000031008660120251027203345.00714s1973 ag 01  a8482671995 aAR-BaBNbspacAR-BaBNeaacrdRIC a281.1 R68 aLo mejor de Cirilo de Jerusalén : bSellados por el espíritu / ccompilado por Alfonso Ropero, y Eliseo Vila aTerrassa : bClie, cc2001 a349 p. ; cil. byn ; 24 cm. aGrandes autores de la fe ; v13 aDonación de Tomás J. M. Mackey, 2021 aBibliografía en p. 48 aIncluye índice tIntroducción: Un pastor en el exilio tI. Catequesis prebautismales a los iluminados tII. Parte Catequesis mistagógicas a los recién bautizados a"18 discursos de catequesis dirigidos a los catecúmenos o candidatos al bautismo y 5 lecciones, llamadas mistagógicas, desdicadas a esclarecer a los recién bautizados los misterios de la fe." aCirilo bde Jerusalén d315-386  aPATRISTICA aRopero, Alfonso ecompilador aVila, Eliseo eprologuista